Κριτική του καθαρού λόγου

Αποθηκεύτηκε σε:
Λεπτομέρειες βιβλιογραφικής εγγραφής
Κύριος συγγραφέας: Kant, Immanuel, 1724-1804
Άλλοι συγγραφείς: Λιονής, Γρηγόρης Σ. (Μεταφραστής), Μετρινός, Κ. (Επιμελητής έκδοσης)
Μορφή: Βιβλίο
Γλώσσα:Greek
German
Δημοσίευση: [Αθήνα] : Αναγνωστίδης, [19--;].
Θέματα:
Ετικέτες: Προσθήκη ετικέτας
Δεν υπάρχουν, Καταχωρήστε ετικέτα πρώτοι!

MARC

LEADER 00000cam a2200000 i 4500
001 1/21221
008 051229q19701980gr | ||| |||| ||gre||
035 |l 10081822 
040 |a GR-MyUA  |b gre  |e AACR2 
041 1 |a gre  |h ger 
082 0 |a 142.3  |2 (22) 
100 1 |a Kant, Immanuel,   |d 1724-1804. 
245 1 0 |a Κριτική του καθαρού λόγου /   |c Immanuel Kant ; μετάφραση Γρηγ. Λιόνη, επιμέλεια και θεώρηση ύλης Κ. Μετρινού.  
260 |a [Αθήνα] :   |b Αναγνωστίδης,   |c [19--;].  
300 |a 638 σ. ;   |c 21 εκ.  
500 |a Τίτλος πρωτοτύπου: Kritik der reinen Vernunft.  
650 0 0 |a Philosophy, German. 
650 0 0 |a Reason. 
650 0 0 |a Causation. 
650 0 0 |a Knowledge, Theory of. 
700 1 |a Λιονής, Γρηγόρης Σ.  |e trl 
700 1 |a Μετρινός, Κ.  |e edt 
852 |a INST  |b RHODES  |c KRI  |e 20051229  |h  142.3 KAN  |p 005400028099  |q 005400028099  |t BK  |y 0 
901 |a BIBL4-2005-3 
909 |a Ρ  |b 122905 
970 |a ΚΟΖΑ  |b ΜΑΡΙΑ  |z 2005/12/29